[Event "DVM U20 2024"]
[Site "Breisach am Rhein GER"]
[Date "2024.12.27"]
[Round "2"]
[White "Panjer, Sidney"]
[Black "Schön, Florian"]
[Result "1-0"]
[Termination "normal"]
[Board "4.2"]
[WhiteElo "2193"]
[BlackElo "1919"]
[WhiteTeam "Krefelder SK Turm 1851"]
[BlackTeam "VfB Schach Leipzig"]
[PlyCount "111"]
[WhiteFideId "16207041"]
[BlackFideId "16259394"]
[EventCountry "GER"]
[EventRounds "7"]
[EventType "team-swiss"]
[EventDate "2024.12.26"]

1. Nf3 d5 2. d4 Nf6 3. c4 e6 4. g3 Bb4+ 5. Bd2 Be7 6. Bg2 O-O 7. Bc3 c6 8. O-O
Nbd7 9. Nbd2 b6 10. b3 Bb7 11. Bb2 Rc8 12. Rc1 c5 13. e3 Rc7 14. dxc5 Bxc5 15.
Nd4 Qa8 16. a3 a6 17. b4 Be7 18. cxd5 Rxc1 19. Qxc1 Nxd5 20. Qa1 Rc8 21. Bh3
N5f6 22. Rc1 b5 23. N2b3 Bd5 24. Rxc8+ Qxc8 25. Bg2 Bxg2 26. Kxg2 Nb6 27. Na5
Nc4 28. Ndc6 Qa8 29. Kg1 Nxb2 30. Nxe7+ Kf8 31. Qxb2 Kxe7 32. Qc3 Kf8 33. Qc5+
Kg8 34. Nc6 h6 35. Qd6 Kh7 36. h4 Qb7 37. Qd3+ g6 38. Ne5 Qc7 39. Qd4 Nd5 40.
Nd3 Qc3 41. Qxc3 Nxc3 42. Nc5 Nb1 43. a4 Nc3 44. a5 Nd5 45. Nxa6 f5 46. f3 Ne7
47. Nc7 Nc6 48. a6 Na7 49. Nxe6 Kg8 50. Kf2 Kf7 51. Nc5 Nc6 52. e4 Kf6 53. Ke3
g5 54. h5 g4 55. fxg4 fxe4 56. Nxe4+ 1-0

[Event "DVM U20 2024"]
[Site "Breisach am Rhein GER"]
[Date "2024.12.27"]
[Round "2"]
[White "Widmann, Maximilian"]
[Black "Nezhyvenko, Mykhaylo"]
[Result "0-1"]
[Termination "normal"]
[Board "4.3"]
[WhiteElo "1771"]
[BlackElo "2080"]
[WhiteTeam "VfB Schach Leipzig"]
[BlackTeam "Krefelder SK Turm 1851"]
[PlyCount "82"]
[WhiteFideId "16281691"]
[BlackFideId "34139885"]
[EventCountry "GER"]
[EventRounds "7"]
[EventType "team-swiss"]
[EventDate "2024.12.26"]

1. Nf3 d5 2. c4 d4 3. d3 c5 4. g3 Nc6 5. e3 e5 6. Bg2 Nf6 7. exd4 cxd4 8. O-O
Bd6 9. Re1 O-O 10. Bg5 h6 11. Bxf6 Qxf6 12. Nbd2 Qe7 13. a3 a5 14. Ne4 Bc7 15.
Qa4 Bd7 16. Qb3 a4 17. Qc2 Ra5 18. Rec1 Re8 19. Ned2 Bd6 20. Ne4 Bb8 21. b4
axb3 22. Qxb3 f5 23. Ned2 e4 24. dxe4 fxe4 25. Ne1 e3 26. Nf1 Ba7 27. fxe3 dxe3
28. Kh1 e2 29. Nd2 Qc5 30. Nc2 Bf5 31. Nf3 Qf2 32. Re1 Be4 33. Nh4 Bxg2+ 34.
Nxg2 Rf5 35. c5+ Kh8 36. Nce3 Rf3 37. Qd3 Rfxe3 38. Nxe3 Qf3+ 39. Kg1 Bxc5 40.
Rxe2 Rxe3 41. Rxe3 Bxe3+ 0-1

[Event "DVM U20 2024"]
[Site "Breisach am Rhein GER"]
[Date "2024.12.27"]
[Round "2"]
[White "Lübke, Robin"]
[Black "Feilhauer, Janick"]
[Result "1-0"]
[Termination "normal"]
[Board "4.4"]
[WhiteElo "2033"]
[BlackElo "1710"]
[WhiteTeam "Krefelder SK Turm 1851"]
[BlackTeam "VfB Schach Leipzig"]
[PlyCount "69"]
[WhiteFideId "34629670"]
[BlackFideId "16266358"]
[EventCountry "GER"]
[EventRounds "7"]
[EventType "team-swiss"]
[EventDate "2024.12.26"]

1. Nf3 Nf6 2. d4 d5 3. e3 c5 4. c4 e6 5. Nc3 cxd4 6. Nxd4 Be7 7. cxd5 Nxd5 8.
Bb5+ Bd7 9. Nxd5 exd5 10. Bxd7+ Qxd7 11. O-O Nc6 12. Nxc6 bxc6 13. Bd2 Bf6 14.
Qc2 O-O 15. Rac1 c5 16. Rfd1 Rac8 17. b3 Rfd8 18. Ba5 Re8 19. Qd3 d4 20. e4 Be5
21. g3 g5 22. Bd2 g4 23. Rf1 Qe6 24. f4 gxf3 25. Rxf3 Bg7 26. Rf5 Qxe4 27. Qxe4
Rxe4 28. Rfxc5 Rxc5 29. Rxc5 h6 30. Kf1 d3 31. Rf5 Rd4 32. Rf3 Rd7 33. Ke1 Kh7
34. Kd1 h5 35. Rf5 1-0

[Event "DVM U20 2024"]
[Site "Breisach am Rhein GER"]
[Date "2024.12.27"]
[Round "2"]
[White "Jovanovic, Lucas"]
[Black "Vecera, Fabio"]
[Result "0-1"]
[Termination "normal"]
[Board "4.6"]
[WhiteElo "1793"]
[BlackElo "1673"]
[WhiteTeam "Krefelder SK Turm 1851"]
[BlackTeam "VfB Schach Leipzig"]
[PlyCount "78"]
[WhiteFideId "34624406"]
[BlackFideId "16281705"]
[EventCountry "GER"]
[EventRounds "7"]
[EventType "team-swiss"]
[EventDate "2024.12.26"]

1. c4 Nf6 2. g3 g6 3. Bg2 Bg7 4. Nc3 c6 5. e4 d6 6. Nge2 O-O 7. O-O e5 8. h3
Nbd7 9. d3 Ne8 10. g4 Nb6 11. a4 a5 12. Ng3 Nc7 13. Be3 Ne6 14. Qd2 Nd7 15.
Nce2 Ndc5 16. Ra3 Bd7 17. b4 axb4 18. Qxb4 Qa5 19. Qxa5 Rxa5 20. f4 exf4 21.
Nxf4 Bd4 22. Bxd4 Nxd4 23. g5 Rfa8 24. h4 Rxa4 25. Rxa4 Rxa4 26. Kf2 Ra3 27.
Ke3 Nde6 28. Nge2 b5 29. cxb5 cxb5 30. Nc1 b4 31. Nd5 b3 32. Ne2 Bb5 33. Nec3
Bxd3 34. Rd1 Bc2 35. Nf6+ Kg7 36. Rxd6 b2 37. Rc6 b1=Q 38. Rc8 Qe1+ 39. Kf3
Bd1# 0-1

[Event "DVM U20 2024"]
[Site "Breisach am Rhein GER"]
[Date "2024.12.27"]
[Round "2"]
[White "Kamp, Adrian"]
[Black "Liebold, Aaron"]
[Result "1/2-1/2"]
[Termination "normal"]
[Board "5.1"]
[WhiteElo "2152"]
[BlackElo "2070"]
[WhiteTeam "SK Münster 32"]
[BlackTeam "ESV Gera"]
[PlyCount "64"]
[WhiteFideId "16222466"]
[BlackFideId "12997846"]
[EventCountry "GER"]
[EventRounds "7"]
[EventType "team-swiss"]
[EventDate "2024.12.26"]

1. e4 c5 2. Nf3 d6 3. Bb5+ Nd7 4. a4 Nf6 5. Nc3 g6 6. a5 a6 7. Bc4 Bg7 8. Bxf7+
Kf8 9. Bb3 b5 10. Ng5 Ne5 11. f4 Nc6 12. d3 Nd4 13. Ba2 Bg4 14. Qd2 Qxa5 15.
O-O b4 16. Nd5 Nxd5 17. exd5 Bf6 18. h3 Bd7 19. Qf2 Nf5 20. Kh2 h5 21. Ne4 Bd4
22. Qe1 Rb8 23. c3 Bg7 24. Bd2 Qb6 25. Bc4 a5 26. Ng5 Bf6 27. Ne6+ Kf7 28. Qf2
a4 29. Rg1 h4 30. Rge1 a3 31. Ng5+ Kg7 32. Ne4 axb2 1/2-1/2

[Event "DVM U20 2024"]
[Site "Breisach am Rhein GER"]
[Date "2024.12.27"]
[Round "2"]
[White "Helmsdorf, Marius"]
[Black "Weidemann, Jakob"]
[Result "0-1"]
[Termination "normal"]
[Board "5.2"]
[WhiteElo "1967"]
[BlackElo "2221"]
[WhiteTeam "ESV Gera"]
[BlackTeam "SK Münster 32"]
[PlyCount "64"]
[WhiteFideId "16274873"]
[BlackFideId "16255470"]
[EventCountry "GER"]
[EventRounds "7"]
[EventType "team-swiss"]
[EventDate "2024.12.26"]

1. d4 Nf6 2. Nc3 d5 3. Bf4 e6 4. e3 Bb4 5. h4 c5 6. Ne2 cxd4 7. exd4 O-O 8. h5
h6 9. Qd3 Nc6 10. O-O-O Bd7 11. Qg3 Kh8 12. Bc7 Qc8 13. Kb1 a6 14. a3 Be7 15.
Nc1 b5 16. Nb3 Nd8 17. Nc5 Nb7 18. b4 Nxc5 19. dxc5 Qb7 20. Bd3 a5 21. Bxa5
Rxa5 22. bxa5 Bxc5 23. Ka2 Ra8 24. Rb1 Rxa5 25. Rb3 b4 26. Rhb1 Qa7 27. Ne2
Rxa3+ 28. Kb2 Bxf2 29. Qd6 Bc5 30. Qe5 Ng4 31. Qg3 Nf2 32. c3 Ra2+ 0-1

[Event "DVM U20 2024"]
[Site "Breisach am Rhein GER"]
[Date "2024.12.27"]
[Round "2"]
[White "Schröder, Lennart"]
[Black "Barz, Henrik"]
[Result "1-0"]
[Termination "normal"]
[Board "5.3"]
[WhiteElo "2127"]
[BlackElo "1735"]
[WhiteTeam "SK Münster 32"]
[BlackTeam "ESV Gera"]
[PlyCount "87"]
[WhiteFideId "16222490"]
[BlackFideId "34628320"]
[EventCountry "GER"]
[EventRounds "7"]
[EventType "team-swiss"]
[EventDate "2024.12.26"]

1. d4 d5 2. c4 e6 3. Nf3 Nf6 4. g3 Be7 5. Bg2 O-O 6. O-O c6 7. Nbd2 Nbd7 8. Qc2
b6 9. e4 Ba6 10. Re1 dxe4 11. Nxe4 Nxe4 12. Rxe4 Rc8 13. Qa4 Nb8 14. Bf4 b5 15.
Qc2 Nd7 16. c5 Nf6 17. Ree1 Nd5 18. Bd2 b4 19. a3 Bb5 20. Bxb4 Nxb4 21. axb4 a6
22. Rad1 Bf6 23. Ne5 Qc7 24. Qe4 Rfd8 25. Qe3 Bxe5 26. dxe5 Bc4 27. Rd6 Bd5 28.
Ra1 Ra8 29. Bf1 Rdb8 30. Qc3 Qb7 31. Bc4 h6 32. Bxd5 exd5 33. e6 fxe6 34. Rxe6
Qxb4 35. Re8+ Kf7 36. Qxb4 Rxb4 37. Rxa8 Rxb2 38. R8xa6 Rc2 39. Rxc6 d4 40. Rd1
Rc4 41. Rd6 Rxc5 42. R6xd4 Rg5 43. h3 Kg8 44. Rg4 1-0

[Event "DVM U20 2024"]
[Site "Breisach am Rhein GER"]
[Date "2024.12.27"]
[Round "2"]
[White "Hanmuradov, Ülwi"]
[Black "Kvantaliani, Saba"]
[Result "0-1"]
[Termination "normal"]
[Board "5.4"]
[WhiteElo "1826"]
[BlackElo "1964"]
[WhiteTeam "ESV Gera"]
[BlackTeam "SK Münster 32"]
[PlyCount "72"]
[WhiteFideId "34658840"]
[BlackFideId "16284364"]
[EventCountry "GER"]
[EventRounds "7"]
[EventType "team-swiss"]
[EventDate "2024.12.26"]

1. d4 Nf6 2. c4 e6 3. Nf3 d5 4. Nc3 c6 5. e3 Be7 6. Qc2 O-O 7. Bd3 dxc4 8. Bxc4
b5 9. Bd3 Bb7 10. O-O Nbd7 11. e4 h6 12. e5 Nd5 13. Nxd5 exd5 14. Be3 Rc8 15.
Bf5 Qe8 16. e6 fxe6 17. Bxe6+ Kh8 18. Ne5 Nxe5 19. Bxc8 Nf3+ 20. gxf3 Bxc8 21.
f4 Bh3 22. Kh1 Bxf1 23. Rxf1 Bd6 24. Qd2 Rf6 25. f5 Qe4+ 26. f3 Qxf5 27. Qg2
Rg6 28. Qf2 Qh3 29. f4 Re6 30. Bc1 Qd3 31. Re1 Rxe1+ 32. Qxe1 Qxd4 33. Qe8+ Kh7
34. Qxc6 Bc5 35. Kg2 Qg1+ 36. Kh3 Qxc1 0-1

[Event "DVM U20 2024"]
[Site "Breisach am Rhein GER"]
[Date "2024.12.27"]
[Round "2"]
[White "Hartwig, Eric-Jordan"]
[Black "Frank, Marian"]
[Result "0-1"]
[Termination "normal"]
[Board "5.5"]
[WhiteElo "1859"]
[BlackElo "1747"]
[WhiteTeam "SK Münster 32"]
[BlackTeam "ESV Gera"]
[PlyCount "42"]
[WhiteFideId "16298454"]
[BlackFideId "16245059"]
[EventCountry "GER"]
[EventRounds "7"]
[EventType "team-swiss"]
[EventDate "2024.12.26"]

1. e4 e5 2. Nf3 Nc6 3. Bb5 a6 4. Ba4 Nf6 5. O-O b5 6. Bb3 Be7 7. Re1 O-O 8. c3
d5 9. exd5 Nxd5 10. d4 exd4 11. Nxd4 Nxd4 12. Qxd4 Bb7 13. Nd2 c5 14. Qe4 Bf6
15. Bc2 g6 16. Qe2 Nf4 17. Qg4 Nxg2 18. Re4 Nh4 19. Rf4 Bg5 20. Qg3 Bxf4 21.
Qxf4 Re8 0-1

[Event "DVM U20 2024"]
[Site "Breisach am Rhein GER"]
[Date "2024.12.27"]
[Round "2"]
[White "Gallas, Noel"]
[Black "Skembris, Simon Max"]
[Result "1/2-1/2"]
[Termination "normal"]
[Board "6.1"]
[WhiteElo "2115"]
[BlackElo "2063"]
[WhiteTeam "SF Essen-Katernberg 04/32"]
[BlackTeam "SK Freiburg-Zähringen 1887"]
[PlyCount "110"]
[WhiteFideId "16216059"]
[BlackFideId "16281381"]
[EventCountry "GER"]
[EventRounds "7"]
[EventType "team-swiss"]
[EventDate "2024.12.26"]

1. d4 Nf6 2. Nc3 d5 3. Bf4 e6 4. Nb5 Na6 5. e3 c5 6. Nf3 Be7 7. Be2 O-O 8. O-O
Nh5 9. Be5 f6 10. Bg3 Nxg3 11. hxg3 Bd7 12. a4 Nc7 13. c4 Bc6 14. Rc1 Na6 15.
dxc5 Nxc5 16. b4 Ne4 17. Nbd4 Bd7 18. cxd5 exd5 19. Qb3 Bg4 20. Rfd1 Rc8 21.
Rxc8 Bxc8 22. Nb5 a6 23. Bc4 Kh8 24. Rxd5 Qe8 25. Nbd4 Bd7 26. b5 a5 27. Qc2
Nc5 28. Nf5 Be6 29. Rxc5 Bxc5 30. Bxe6 Qxe6 31. Qxc5 Rc8 32. N5d4 Rxc5 33. Nxe6
Rc1+ 34. Kh2 Rc4 35. Nfd4 g5 36. b6 Rb4 37. Nc5 Rxb6 38. Nb5 Kg7 39. g4 Rc6 40.
Nxb7 Rc4 41. Nxa5 Rxa4 42. Nc6 Rxg4 43. Ncd4 Rh4+ 44. Kg3 Kg6 45. f4 h5 46. Nd6
Rh1 47. fxg5 fxg5 48. e4 Rf1 49. Nf3 h4+ 50. Kh2 Kh5 51. Nf5 g4 52. N3xh4 Re1
53. g3 Rxe4 54. Ng2 Kg5 55. Nfe3 Ra4 1/2-1/2

[Event "DVM U20 2024"]
[Site "Breisach am Rhein GER"]
[Date "2024.12.27"]
[Round "2"]
[White "Langner, Robin"]
[Black "Jahrke, Jonas"]
[Result "1-0"]
[Termination "normal"]
[Board "6.2"]
[WhiteElo "2032"]
[BlackElo "1881"]
[WhiteTeam "SK Freiburg-Zähringen 1887"]
[BlackTeam "SF Essen-Katernberg 04/32"]
[PlyCount "77"]
[WhiteFideId "34606190"]
[BlackFideId "12984353"]
[EventCountry "GER"]
[EventRounds "7"]
[EventType "team-swiss"]
[EventDate "2024.12.26"]

1. d4 Nf6 2. c4 g6 3. Nc3 Bg7 4. e4 O-O 5. Be2 d6 6. Nf3 e5 7. Be3 Na6 8. O-O
c6 9. d5 cxd5 10. cxd5 Ng4 11. Bg5 f6 12. Bc1 f5 13. Nd2 h5 14. Nc4 Nc7 15. f3
Nh6 16. Be3 f4 17. Bf2 g5 18. Qd2 g4 19. Rfc1 Nf7 20. Rc2 Bf6 21. Qe1 Kh8 22.
a4 Rg8 23. Kf1 Ng5 24. Nb5 Nxb5 25. axb5 gxf3 26. Bxf3 Bg4 27. Ra3 Bxf3 28.
gxf3 Nh3 29. Qb4 Bh4 30. Nxd6 Rg7 31. Rxa7 Be7 32. Rxa8 Qxa8 33. Qc5 Qa1+ 34.
Ke2 Nxf2 35. Qc8+ Kh7 36. Qf5+ Kh6 37. Qe6+ Rg6 38. Nf5+ Kg5 39. h4# 1-0

[Event "DVM U20 2024"]
[Site "Breisach am Rhein GER"]
[Date "2024.12.27"]
[Round "2"]
[White "Rasch, Lukas"]
[Black "Lauterbach, Kolja"]
[Result "0-1"]
[Termination "normal"]
[Board "6.3"]
[WhiteElo "1771"]
[BlackElo "1958"]
[WhiteTeam "SF Essen-Katernberg 04/32"]
[BlackTeam "SK Freiburg-Zähringen 1887"]
[PlyCount "84"]
[WhiteFideId "16272072"]
[BlackFideId "16235916"]
[EventCountry "GER"]
[EventRounds "7"]
[EventType "team-swiss"]
[EventDate "2024.12.26"]

1. e4 e5 2. Nc3 Nc6 3. Bc4 Nf6 4. d3 Bc5 5. f4 d6 6. Nf3 a6 7. f5 Na5 8. Bb3
Nxb3 9. axb3 Bd7 10. Qe2 Bc6 11. Be3 Bxe3 12. Qxe3 Qe7 13. Rg1 O-O-O 14. Kd2
Rhe8 15. Rae1 b6 16. h3 Nd7 17. Re2 a5 18. Ra1 Nc5 19. Kc1 g6 20. g4 gxf5 21.
gxf5 Rg8 22. Kd2 Rg3 23. Rh1 Rdg8 24. Rhh2 Nd7 25. Ref2 Nf6 26. Ne2 R3g7 27. c4
Kd7 28. Kc2 Qd8 29. Qh6 b5 30. Nc3 b4 31. Nd1 Ke7 32. Ne3 Qa8 33. Nd2 a4 34.
Rh1 a3 35. Ra1 Rg1 36. Ndf1 Qa7 37. h4 R8g3 38. Re2 Qd4 39. Ra2 Rf3 40. bxa3
Rgxf1 41. axb4 Rxe3 42. Rd2 Ree1 0-1

[Event "DVM U20 2024"]
[Site "Breisach am Rhein GER"]
[Date "2024.12.27"]
[Round "2"]
[White "Ciuloi, Victor Stefan"]
[Black "Beetz, Ole"]
[Result "1-0"]
[Termination "normal"]
[Board "6.4"]
[WhiteElo "1941"]
[BlackElo "1788"]
[WhiteTeam "SK Freiburg-Zähringen 1887"]
[BlackTeam "SF Essen-Katernberg 04/32"]
[PlyCount "99"]
[WhiteFideId "16242262"]
[BlackFideId "34628339"]
[EventCountry "GER"]
[EventRounds "7"]
[EventType "team-swiss"]
[EventDate "2024.12.26"]

1. d4 Nf6 2. Nf3 e6 3. g3 b5 4. Bg2 Bb7 5. Bg5 Be7 6. O-O c5 7. dxc5 Bxc5 8.
Qd3 b4 9. c4 O-O 10. Bxf6 Qxf6 11. Ng5 Qxg5 12. Bxb7 Nc6 13. Bxa8 Rxa8 14. Nd2
Ne5 15. Qc2 Qh5 16. Qe4 Rf8 17. Nf3 Ng4 18. Rad1 f5 19. Qf4 e5 20. Qg5 Qe8 21.
h3 h6 22. Qd2 Nf6 23. Ne1 Qg6 24. Kg2 Kh8 25. Nd3 d6 26. Nxc5 dxc5 27. Qd6 Re8
28. Rd5 e4 29. Rxc5 Qh5 30. Re1 e3 31. f3 Qg5 32. h4 Qh5 33. Qf4 Qf7 34. Rxf5
Qd7 35. Re5 Rxe5 36. Qxe5 Qd2 37. Kf1 Qd7 38. g4 h5 39. Qf5 Qc7 40. Kg2 Qxc4
41. b3 Qa6 42. g5 Ng8 43. Qe4 Qxa2 44. Qxe3 Qc2 45. Rc1 Qf5 46. Rc7 a6 47. Qd4
Qf8 48. Qd7 a5 49. Rc8 Qf4 50. Qe6 1-0

[Event "DVM U20 2024"]
[Site "Breisach am Rhein GER"]
[Date "2024.12.27"]
[Round "2"]
[White "Becker, Samuel"]
[Black "Hördt, Benjamin"]
[Result "0-1"]
[Termination "normal"]
[Board "6.5"]
[WhiteElo "1751"]
[BlackElo "1901"]
[WhiteTeam "SF Essen-Katernberg 04/32"]
[BlackTeam "SK Freiburg-Zähringen 1887"]
[PlyCount "66"]
[WhiteFideId "16271653"]
[BlackFideId "34648810"]
[EventCountry "GER"]
[EventRounds "7"]
[EventType "team-swiss"]
[EventDate "2024.12.26"]

1. e4 Nf6 2. e5 Nd5 3. Nc3 Nxc3 4. dxc3 d6 5. Nf3 Bg4 6. Bc4 e6 7. Bf4 Nc6 8.
exd6 cxd6 9. h3 Bh5 10. O-O Be7 11. Re1 O-O 12. Bd3 e5 13. Bd2 f5 14. Be2 Bxf3
15. Bxf3 e4 16. Be2 d5 17. f3 Bc5+ 18. Kh1 e3 19. Bc1 f4 20. Bd3 Qg5 21. Qe2
Rf6 22. b4 Bb6 23. Bb2 Rh6 24. Rad1 Rd8 25. Bc1 Rdd6 26. a3 Qg3 27. Bb2 Rh5 28.
Qf1 Rdh6 29. Re2 Rxh3+ 30. gxh3 Rxh3+ 31. Qxh3 Qxh3+ 32. Kg1 Qg3+ 33. Rg2 e2+
0-1

[Event "DVM U20 2024"]
[Site "Breisach am Rhein GER"]
[Date "2024.12.27"]
[Round "2"]
[White "Spillner, Ladis"]
[Black "Springmann, Simon"]
[Result "0-1"]
[Termination "normal"]
[Board "6.6"]
[WhiteElo "1752"]
[BlackElo "1464"]
[WhiteTeam "SK Freiburg-Zähringen 1887"]
[BlackTeam "SF Essen-Katernberg 04/32"]
[PlyCount "48"]
[WhiteFideId "16217764"]
[BlackFideId "533025096"]
[EventCountry "GER"]
[EventRounds "7"]
[EventType "team-swiss"]
[EventDate "2024.12.26"]

1. d4 Nf6 2. Bf4 g6 3. e3 Bg7 4. Bd3 O-O 5. h4 d6 6. f3 Nh5 7. Bh2 e5 8. Ne2
exd4 9. exd4 Re8 10. g3 Bxd4 11. c3 Be3 12. Nd2 Bh3 13. Bg1 Nf4 14. Nxf4 Bxf4+
15. Kf2 Be3+ 16. Ke1 Bxg1+ 17. Be2 Qd7 18. Rxg1 Na6 19. Ne4 Re6 20. Kf2 Rae8
21. Bc4 Rxe4 22. fxe4 Rxe4 23. Bxa6 Qf5+ 24. Qf3 Qc5+ 0-1

[Event "DVM U20 2024"]
[Site "Breisach am Rhein GER"]
[Date "2024.12.27"]
[Round "2"]
[White "Kanzow, Alexander"]
[Black "Neves, Carlos"]
[Result "1-0"]
[Termination "normal"]
[Board "7.1"]
[WhiteElo "1939"]
[BlackElo "1879"]
[WhiteTeam "KSV Rochade Göttingen (Veltheim)"]
[BlackTeam "OSG Baden-Baden"]
[PlyCount "77"]
[WhiteFideId "16225414"]
[BlackFideId "16258320"]
[EventCountry "GER"]
[EventRounds "7"]
[EventType "team-swiss"]
[EventDate "2024.12.26"]

1. c4 Nf6 2. Nc3 g6 3. e4 d6 4. d4 Bg7 5. Be2 O-O 6. Be3 e5 7. d5 Nbd7 8. h4
Nc5 9. f3 a5 10. g4 h5 11. g5 Nfd7 12. Nh3 Nb8 13. Qd2 Nba6 14. Rb1 Bd7 15. b3
b6 16. Bd1 Bxh3 17. Rxh3 Nb4 18. Be2 Nba6 19. Qd1 Qd7 20. Rh1 Kh7 21. a3 a4 22.
b4 Nb3 23. Nxa4 Nd4 24. Nc3 f6 25. Nb5 fxg5 26. Nxd4 exd4 27. Bxg5 Nb8 28. Rb3
Qf7 29. f4 Nd7 30. Kd2 Bf6 31. Rf1 Qe7 32. Bd3 Rf7 33. e5 dxe5 34. Qxh5+ Kg8
35. Bxg6 Raf8 36. Bf5 Bxg5 37. Be6 Kg7 38. fxg5 Rxf1 39. a4 1-0

[Event "DVM U20 2024"]
[Site "Breisach am Rhein GER"]
[Date "2024.12.27"]
[Round "2"]
[White "Uhlmann, Jonas"]
[Black "Mimkes, Antal"]
[Result "0-1"]
[Termination "normal"]
[Board "7.2"]
[WhiteElo "1850"]
[BlackElo "2040"]
[WhiteTeam "OSG Baden-Baden"]
[BlackTeam "KSV Rochade Göttingen (Veltheim)"]
[PlyCount "46"]
[WhiteFideId "16258576"]
[BlackFideId "16265963"]
[EventCountry "GER"]
[EventRounds "7"]
[EventType "team-swiss"]
[EventDate "2024.12.26"]

1. e4 c5 2. Nc3 e6 3. d3 Nc6 4. g3 g6 5. Bg2 Bg7 6. Nge2 h6 7. O-O Nge7 8. Be3
d6 9. f4 O-O 10. Qd2 b5 11. e5 dxe5 12. fxe5 Rb8 13. Bxc5 Nxe5 14. Bxa7 Rb7 15.
Bxb7 Bxb7 16. Qf4 Nd5 17. Qd2 Nxc3 18. Nxc3 b4 19. Ne4 Bxe4 20. Qf4 Ba8 21. a3
Qd5 22. Qe4 Qd7 23. Qe3 Ng4 0-1

[Event "DVM U20 2024"]
[Site "Breisach am Rhein GER"]
[Date "2024.12.27"]
[Round "2"]
[White "Eberle, Florian"]
[Black "Yin, Vito"]
[Result "1-0"]
[Termination "normal"]
[Board "7.3"]
[WhiteElo "1977"]
[BlackElo "1845"]
[WhiteTeam "KSV Rochade Göttingen (Veltheim)"]
[BlackTeam "OSG Baden-Baden"]
[PlyCount "59"]
[WhiteFideId "34627731"]
[BlackFideId "34601759"]
[EventCountry "GER"]
[EventRounds "7"]
[EventType "team-swiss"]
[EventDate "2024.12.26"]

1. e4 c5 2. Nf3 d6 3. d4 cxd4 4. Nxd4 Nf6 5. Nc3 a6 6. Be3 e5 7. Nb3 b5 8. f3
Be6 9. Qd2 Be7 10. O-O-O Nbd7 11. g4 Bxb3 12. axb3 b4 13. Na4 a5 14. h4 Qc7 15.
h5 h6 16. Bc4 Rd8 17. Qg2 Nh7 18. Rd2 O-O 19. Rhd1 Nc5 20. Bd5 Rb8 21. Kb1 Nf6
22. g5 hxg5 23. Bxg5 Nxd5 24. Bh6 Bf6 25. exd5 Kh7 26. Nxc5 Qxc5 27. Bg5 Bxg5
28. Qxg5 Qc7 29. Rg1 Rg8 30. Rh2 1-0

[Event "DVM U20 2024"]
[Site "Breisach am Rhein GER"]
[Date "2024.12.27"]
[Round "2"]
[White "Bossert, Moritz"]
[Black "Tulchynsky, David"]
[Result "0-1"]
[Termination "normal"]
[Board "7.4"]
[WhiteElo "1744"]
[BlackElo "1877"]
[WhiteTeam "OSG Baden-Baden"]
[BlackTeam "KSV Rochade Göttingen (Veltheim)"]
[PlyCount "44"]
[WhiteFideId "16239946"]
[BlackFideId "16289560"]
[EventCountry "GER"]
[EventRounds "7"]
[EventType "team-swiss"]
[EventDate "2024.12.26"]

1. d4 d5 2. Nf3 Nf6 3. c4 e6 4. g3 Be7 5. Bg2 b6 6. O-O Bb7 7. b3 O-O 8. Nc3
Nbd7 9. a4 c5 10. dxc5 Nxc5 11. Ne5 Bd6 12. Nd3 dxc4 13. Nxc5 Bxg2 14. Nxe6
fxe6 15. Kxg2 Be5 16. Bb2 Qxd1 17. Nxd1 Bxb2 18. Nxb2 cxb3 19. Ra3 Ne4 20. Nd3
Rac8 21. f3 Nd2 22. Rd1 Nc4 0-1

[Event "DVM U20 2024"]
[Site "Breisach am Rhein GER"]
[Date "2024.12.27"]
[Round "2"]
[White "Schilling, Rumo"]
[Black "Stankovic, David"]
[Result "1/2-1/2"]
[Termination "normal"]
[Board "7.5"]
[WhiteElo "1665"]
[BlackElo "1677"]
[WhiteTeam "KSV Rochade Göttingen (Veltheim)"]
[BlackTeam "OSG Baden-Baden"]
[PlyCount "44"]
[WhiteFideId "16283139"]
[BlackFideId "16240685"]
[EventCountry "GER"]
[EventRounds "7"]
[EventType "team-swiss"]
[EventDate "2024.12.26"]

1. e4 c5 2. Nc3 d6 3. f4 Nc6 4. Nf3 Bg4 5. Bb5 Qd7 6. O-O a6 7. Bxc6 Qxc6 8. h3
Bxf3 9. Qxf3 O-O-O 10. d3 e6 11. f5 Nf6 12. Be3 d5 13. e5 Nd7 14. d4 cxd4 15.
Bxd4 Qc4 16. Qe3 Bc5 17. Ne2 Rde8 18. fxe6 Rxe6 19. Bxc5 Rxe5 20. b3 Qxc5 21.
Qxc5+ Nxc5 22. Nd4 f6 1/2-1/2

[Event "DVM U20 2024"]
[Site "Breisach am Rhein GER"]
[Date "2024.12.27"]
[Round "2"]
[White "Baihaghi, Arash"]
[Black "Tulchynsky, Mark"]
[Result "0-1"]
[Termination "normal"]
[Board "7.6"]
[WhiteElo "1693"]
[BlackElo "1714"]
[WhiteTeam "OSG Baden-Baden"]
[BlackTeam "KSV Rochade Göttingen (Veltheim)"]
[PlyCount "102"]
[WhiteFideId "34604979"]
[BlackFideId "34617698"]
[EventCountry "GER"]
[EventRounds "7"]
[EventType "team-swiss"]
[EventDate "2024.12.26"]

1. e4 c6 2. d4 d5 3. exd5 cxd5 4. Bd3 Nc6 5. c3 Nf6 6. Bf4 Bg4 7. Qb3 Qd7 8.
Nd2 e6 9. Ngf3 a6 10. O-O Be7 11. Rfe1 O-O 12. Ne5 Nxe5 13. Bxe5 Bh5 14. Rac1
b5 15. Qc2 Bg6 16. Bxg6 hxg6 17. h3 Rfc8 18. Qd3 Bd6 19. Nf3 Qe7 20. Bxd6 Qxd6
21. Ne5 Nd7 22. Qf3 Nxe5 23. Rxe5 b4 24. Qe3 bxc3 25. Rxc3 Rab8 26. Qc1 Rxc3
27. Qxc3 Qb4 28. Re2 Qxc3 29. bxc3 Rb1+ 30. Kh2 Rc1 31. Rb2 Rxc3 32. Rb8+ Kh7
33. Rb3 Rxb3 34. axb3 Kg8 35. Kg3 Kf8 36. Kf4 Ke7 37. Ke3 Kd6 38. Kd3 Kc6 39.
Kc3 Kb5 40. f4 f6 41. g4 g5 42. f5 exf5 43. gxf5 a5 44. Kb2 Kb4 45. Kc2 a4 46.
bxa4 Kxa4 47. Kd2 Kb4 48. Kd3 Kb3 49. Ke3 Kc3 50. Kf3 Kxd4 51. Kg4 Ke4 0-1

[Event "DVM U20 2024"]
[Site "Breisach am Rhein GER"]
[Date "2024.12.27"]
[Round "2"]
[White "Helmbrecht, Paul"]
[Black "Nied, Pascal"]
[Result "0-1"]
[Termination "normal"]
[Board "8.1"]
[WhiteElo "1988"]
[BlackElo "2217"]
[WhiteTeam "FC Ergolding 1932"]
[BlackTeam "SC Untergrombach 46"]
[PlyCount "56"]
[WhiteFideId "16270932"]
[BlackFideId "16260597"]
[EventCountry "GER"]
[EventRounds "7"]
[EventType "team-swiss"]
[EventDate "2024.12.26"]

1. c4 e6 2. g3 d5 3. Bg2 Nf6 4. Nf3 d4 5. O-O Nc6 6. e3 e5 7. exd4 e4 8. Ne1
Nxd4 9. d3 Bg4 10. f3 exf3 11. Nxf3 Nxf3+ 12. Bxf3 Qd4+ 13. Kg2 O-O-O 14. Nc3
Bc5 15. Bxg4+ Nxg4 16. Ne4 Ne5 17. Bf4 Qxb2+ 18. Qd2 Qxd2+ 19. Bxd2 Rxd3 20.
Bf4 Bd4 21. Rad1 f6 22. Bxe5 Rxd1 23. Rxd1 Bxe5 24. Nc5 Re8 25. Kf3 b6 26. Ne4
Rd8 27. Rxd8+ Kxd8 28. Nf2 Kd7 0-1